<?xml version="1.0" encoding="UTF-8"?>
<record
    xmlns:xsi="http://www.w3.org/2001/XMLSchema-instance"
    xsi:schemaLocation="http://www.loc.gov/MARC21/slim http://www.loc.gov/standards/marcxml/schema/MARC21slim.xsd"
    xmlns="http://www.loc.gov/MARC21/slim">

  <leader>00946nam a2200205Ia 4500</leader>
  <controlfield tag="001">47945</controlfield>
  <controlfield tag="003">OSt</controlfield>
  <controlfield tag="005">20160308144811.0</controlfield>
  <controlfield tag="008">140429s9999    xx            000 0 und d</controlfield>
  <datafield tag="020" ind1=" " ind2=" ">
    <subfield code="a">NA</subfield>
  </datafield>
  <datafield tag="040" ind1=" " ind2=" ">
    <subfield code="c">PK-LaUMT</subfield>
  </datafield>
  <datafield tag="082" ind1=" " ind2=" ">
    <subfield code="a"> 320.954910222</subfield>
    <subfield code="b">NAZ-A</subfield>
  </datafield>
  <datafield tag="110" ind1=" " ind2=" ">
    <subfield code="a">Wazarat-e-Itlaat wa nasharyat, Hakaumat Pakistan</subfield>
  </datafield>
  <datafield tag="245" ind1=" " ind2=" ">
    <subfield code="a">(&#x639;&#x648;&#x627;&#x645;&#x6CC; &#x62D;&#x6A9;&#x648;&#x645;&#x62A; &#x6A9;&#x6CC; &#x633;&#x6C1; &#x633;&#x627;&#x644;&#x6C1; &#x6A9;&#x627;&#x631;&#x6A9;&#x631;&#x62F;&#x6AF;&#x6CC; &#x6A9;&#x627; &#x62A;&#x635;&#x648;&#x6CC;&#x631;&#x6CC; &#x62C;&#x627;&#x626;&#x632;&#x6C1; 2008-2011)Awaami hukoomat ki sah saalah kaarkardagi ka tasveeri jaaizah 2008-2011 (Urdu)</subfield>
    <subfield code="c">(&#x648;&#x632;&#x627;&#x631;&#x62A; &#x627;&#x637;&#x644;&#x627;&#x639;&#x627;&#x62A; &#x648; &#x646;&#x634;&#x631;&#x6CC;&#x627;&#x62A;&#x60C; &#x62D;&#x6A9;&#x648;&#x645;&#x62A; &#x67E;&#x627;&#x6A9;&#x633;&#x62A;&#x627;&#x646;)Wazarat-e-Itlaat wa nasharyat, Hakaumat Pakistan</subfield>
  </datafield>
  <datafield tag="260" ind1=" " ind2=" ">
    <subfield code="a">(&#x627;&#x633;&#x644;&#x627;&#x645; &#x622;&#x628;&#x627;&#x62F;&#x60C; &#x67E;&#x627;&#x6A9;&#x633;&#x62A;&#x627;&#x646;)Islamabad,Pakistan:</subfield>
    <subfield code="b">(&#x648;&#x632;&#x627;&#x631;&#x62A; &#x627;&#x637;&#x644;&#x627;&#x639;&#x627;&#x62A; &#x648; &#x646;&#x634;&#x631;&#x6CC;&#x627;&#x62A;&#x60C; &#x62D;&#x6A9;&#x648;&#x645;&#x62A; &#x67E;&#x627;&#x6A9;&#x633;&#x62A;&#x627;&#x646;)Wazarat-e-Itlaat wa Nasharyaat, Hakaumat-e-Pakista,</subfield>
    <subfield code="c">2011</subfield>
  </datafield>
  <datafield tag="300" ind1=" " ind2=" ">
    <subfield code="a">74 p.</subfield>
  </datafield>
  <datafield tag="546" ind1=" " ind2=" ">
    <subfield code="a">EN</subfield>
  </datafield>
  <datafield tag="650" ind1=" " ind2=" ">
    <subfield code="a">Political condition-Pakistan</subfield>
  </datafield>
  <datafield tag="942" ind1=" " ind2=" ">
    <subfield code="c">BK</subfield>
    <subfield code="2">ddc</subfield>
  </datafield>
  <datafield tag="999" ind1=" " ind2=" ">
    <subfield code="c">45817</subfield>
    <subfield code="d">45817</subfield>
  </datafield>
  <datafield tag="952" ind1=" " ind2=" ">
    <subfield code="0">0</subfield>
    <subfield code="1">0</subfield>
    <subfield code="4">0</subfield>
    <subfield code="7">0</subfield>
    <subfield code="a">01</subfield>
    <subfield code="b">01</subfield>
    <subfield code="d">2014-04-29</subfield>
    <subfield code="l">0</subfield>
    <subfield code="o"> 320.954910222 NAZ-A</subfield>
    <subfield code="p">57217</subfield>
    <subfield code="r">2014-05-06 00:00:00</subfield>
    <subfield code="w">2014-05-06</subfield>
    <subfield code="y">BK</subfield>
  </datafield>
</record>
